The lost land of Lemuria : fabulous geographies, catastrophic histories /
| Prif Awdur: | |
|---|---|
| Fformat: | Llyfr |
| Iaith: | English |
| Cyhoeddwyd: |
Berkeley :
University of California Press,
c2004.
|
| Pynciau: | |
| Mynediad Ar-lein: | Contributor biographical information Publisher description Table of contents |
| Classic Catalogue: | View this record in Classic Catalogue |
| LEADER | 01773nam a22003854a 4500 | ||
|---|---|---|---|
| 001 | 29337 | ||
| 003 | BD-DhAAL | ||
| 005 | 20150602101642.0 | ||
| 008 | 150602s2004 cau b b 001 0 eng | ||
| 010 | |a 2003022825 | ||
| 020 | |a 0520240324 (cloth : alk. paper) | ||
| 020 | |a 0520244400 (pbk. : alk. paper) | ||
| 040 | |a DLC |c DLC |d DLC |d BD-DhAAL | ||
| 041 | |a eng | ||
| 050 | 0 | 0 | |a GN751 |b .R26 2004 |
| 082 | 0 | 0 | |a 001.94 |2 22 |
| 100 | 1 | |a Ramaswamy, Sumathi. |9 11580 | |
| 245 | 1 | 4 | |a The lost land of Lemuria : |b fabulous geographies, catastrophic histories / |c Sumathi Ramaswamy. |
| 260 | |a Berkeley : |b University of California Press, |c c2004. | ||
| 300 | |a xvii, 334 p. : |b maps ; |c 24 cm. | ||
| 504 | |a Includes bibliographic references (p. 297-324) and index. | ||
| 505 | 0 | |a Placing loss -- Science in the service of loss -- Occult losses -- Living loss at land's end -- Flooding history : geographies of loss -- Mapping loss -- Laboring against loss. | |
| 541 | |e 29337 | ||
| 650 | 0 | |a Lost continents. |9 11581 | |
| 650 | 0 | |a Tamil (Indic people) |9 5899 | |
| 650 | 0 | |a Tamil (Indic people) |z India |x History. |9 11582 | |
| 650 | 0 | |a Civilization, Ancient. |9 11583 | |
| 651 | 0 | |a Lemuria. |9 11584 | |
| 651 | 0 | |a Tamil Nadu (India) |x Civilization. |9 11585 | |
| 856 | 4 | 2 | |3 Contributor biographical information |u http://www.loc.gov/catdir/bios/ucal052/2003022825.html |
| 856 | 4 | 2 | |3 Publisher description |u http://www.loc.gov/catdir/description/ucal051/2003022825.html |
| 856 | 4 | 1 | |3 Table of contents |u http://www.loc.gov/catdir/toc/ecip0410/2003022825.html |
| 942 | |2 ddc |c BK | ||
| 999 | |c 34580 |d 34580 | ||
| 952 | |0 0 |1 0 |2 ddc |4 0 |6 001_940000000000000_RAM |7 0 |9 54003 |a BRACUL |b BRACUL |c GEN |d 2015-06-02 |e Karim International |l 5 |m 30 |o 001.94 RAM |p 3010029337 |r 2022-06-21 |s 2022-06-14 |t 1 |w 2015-06-02 |y BK | ||